Logo BPK

Biblioteka

Politechniki Koszalińskiej

Prawdopodobieństwo i miara / (Rekord nr 23759)

Szczegóły MARC
000 -ETYKIETA REKORDU
podpole kontrolne o stałej długości 00692nam a2200229 i 4500
001 - NUMER KONTROLNY REKORDU
pole kontrolne bg
040 ## - ŹRÓDŁO KATALOGOWANIA
Instytucja, która utworzyła rekord BPK
041 1# - KOD JĘZYKA
Kod języka tekstu pol
Kod języka oryginału eng
044 ## - KOD KRAJU WYDAWCY/PRODUCENTA
Kod kraju wydawcy/producenta POL
080 ## - UNIWERSALNA KLASYFIKACJA DZIESIĘTNA - UKD
UKD 519.2(075.8)
008 - POLE O STAŁEJ DŁUGOŚCI - DANE KONTROLNE
podpole kontrolne o stałej długości s pl f |000 0 pol
100 1# - NAZWA OSOBOWA
Nazwa osobowa Billingsley, Patrick.
245 00 - TYTUŁ/ODPOWIEDZIALNOŚĆ
Tytuł Prawdopodobieństwo i miara /
Pozostałe elementy strefy tytułu i oznaczenia odpowiedzialności Patrick Billingsley z jęz. ang. tł. Krystyna Kizeweter, Janusz E. Roguski.
260 ## - STREFA ADRESU WYDAWNICZEGO
Miejsce wydania Warszawa ;
Nazwa wydawcy/dystrybutora Pństwowe Wydawnictwo Naukowe
Data publikacji, dystrybucji/powstania dokumentu 1987.
300 ## - STREFA OPISU FIZYCZNEGO
Objętość 580 s. ;
Rozmiary 24 cm.
504 ## - UWAGA DOTYCZĄCA BIBLIOGRAFII
Informacje o bibliografii Bibliogr.
650 #9 - HASŁO PRZEDMIOTOWE W FORMIE NAZWY OGÓLNEJ LUB JEDNOSTKOWEJ
Nazwa ogólna lub geograficzna Rachunek prawdopodobieństwa
655 ## - TERMIN INDEKSOWY - OKREŚLENIE RODZAJU/FORMY DOKUMENTU
Określenie rodzaju/formy dokumentu Podręczniki akademickie
700 1# - HASŁO DODATKOWE - NAZWA OSOBOWA
Nazwa osobowa Kizeweter, Krystyna.
Określenie związku między hasłem a opisywanym materiałem Tł.
700 1# - HASŁO DODATKOWE - NAZWA OSOBOWA
Nazwa osobowa Roguski, Janusz E.
Określenie związku między hasłem a opisywanym materiałem Tł.
856 ## - LOKALIZACJA I DOSTĘP DO ELEKTRONICZNYCH DOKUMENTÓW ZDALNYCH
Link (URL) http://koha.tu.koszalin.pl/cgi-bin/koha/opac-detail.pl?biblionumber=23759
Tekst linku Katalog online BPK
942 ## - DODATKOWE ELEMENTY (KOHA)
Typ dokumentu Książka
Egzemplarze
Wycofany Status egzemplarza Uszkodzony Dostępność Lokalizacja stała Lokalizacja bieżąca Miejsce przechowywania Sygnatura Kod kreskowy Typ dokumentu
      Dostępny Biblioteka Politechniki Koszalińskiej Biblioteka Politechniki Koszalińskiej Wypożyczalnia BG 33979 02103082 Książka
      Dostępny Biblioteka Politechniki Koszalińskiej Biblioteka Politechniki Koszalińskiej Wypożyczalnia BG 33980 01598285 Książka
© 2023 Biblioteka Politechniki Koszalińskiej :: KOHA